| 000 | 01172cab a2200277 4500 | ||
|---|---|---|---|
| 001 | ABS56428 | ||
| 008 | 090401t1996 xxu||||| |||| 00| 0 eng d | ||
| 035 | _a(Sirsi) u23529 | ||
| 041 | _aeng | ||
| 100 | _aBurns, A. | ||
| 245 | _aBUILD insurance and warranties - a better form of protection than bonds and guarantees? | ||
| 260 | _c1996 | ||
| 350 | _a0 | ||
| 490 |
_aConstruction Law Journal _v12(6) 1996, 380-391(10) |
||
| 520 | _aExplains how Building Users` Insurance Latent Defects (BUILD) protects the building owner against repair costs after issue of the final certificate. Analyses how BUILD meets with Latham recommendations, and reviews the benefits and shortcomings of comfort letters, parent company guarantees, and collateral warranties. | ||
| 650 | _aBUILD | ||
| 650 | _aBUILDING USERS INSURANCE AGAINST LATENT DEFECTS | ||
| 650 | _aBUILT ENVIRONMENT-BUILDING CONTRACT FORMS-CONSTRUCTION COLLATERAL WARRANTY FORMS | ||
| 650 | _aCOMFORT LETTERS | ||
| 650 | _aLATENT DEFECTS | ||
| 650 | _aLATHAM REFORMS | ||
| 650 | _aPARENT COMPANY GUARANTEES | ||
| 690 | _aBUILT ENVIRONMENT-BUILDING CONTRACT FORMS | ||
| 942 | _n0 | ||
| 948 | _c04/03/1997 | ||
| 999 |
_c15725 _d15725 |
||